|
|
|
|
| LEADER |
00000cam a2200000 a 4500 |
| 001 |
vtls001480256 |
| 003 |
SK-MaSNL |
| 005 |
20260301163821.0 |
| 008 |
240226s2004 xo oa dr 000 1 slo |
| 015 |
|
|
|a SNBA2005/09-03587
|
| 020 |
|
|
|a 8010005037
|q (brožované)
|
| 035 |
|
|
|a SNK000435554
|
| 035 |
|
|
|a urn:nbn:sk:snk-am3j31m
|
| 035 |
|
|
|a 05BC8EFD-46E4-47C5-BBBD-53E885C9E59E
|
| 035 |
|
|
|a urn:nbn:sk:snk-am00gi32
|
| 040 |
|
|
|a SNK
|b slo
|c SNK
|e AACR2
|
| 041 |
0 |
|
|a slo
|
| 044 |
|
|
|a xo
|c SK
|
| 072 |
|
7 |
|a 82
|x Literatúra. Literárny život
|2 konspekt
|
| 072 |
|
7 |
|a 821.162.4.09
|x Slovenská literatúra (o nej)
|2 konspekt
|
| 080 |
|
|
|a 821.162.4
|x (075.3)
|2 1997
|
| 080 |
|
|
|a 821.162.4-051
|2 2011
|
| 080 |
|
|
|a 37.016:82
|2 2011
|
| 080 |
|
|
|a (075.3)
|2 2011
|
| 080 |
|
|
|a 821.162.4
|2 2011
|
| 100 |
1 |
|
|a Obert, Viliam,
|d 1940-2005
|4 aut
|9 103681
|
| 245 |
1 |
0 |
|a Slovenská literatúra pre 3. ročník stredných škôl s vyučovacím jazykom maďarským
|c Viliam Obert
|
| 250 |
|
|
|a 2. dopl. vyd.
|
| 260 |
|
|
|a Bratislava
|b Slovenské pedagogické nakladateľstvo
|c 2004
|
| 300 |
|
|
|a 203 strán
|b fotografie, ilustrácie
|c 21 cm
|
| 650 |
0 |
7 |
|a slovenská literatúra
|2 SNKPH
|9 1115
|
| 650 |
0 |
7 |
|a slovenskí spisovatelia
|2 SNKPH
|9 1258
|
| 650 |
0 |
7 |
|a literárna výchova
|2 SNKPH
|9 1653
|
| 655 |
|
7 |
|a učebnice stredných škôl
|2 SNKPH
|9 69323
|
| 919 |
|
|
|a 80-10-00503-7
|
| 958 |
|
|
|a LX
|
| 958 |
|
|
|a OND
|
| 999 |
|
|
|c 818366
|d 820296
|
| 952 |
|
|
|t P60, <03>, [BOOK], {603}, -B-
|a SNK
|b SNK
|y PREZ
|7 0
|p 17A0439781
|o snkSC 117032
|i snkKSP 11003/2004
|0 0
|1 0
|4 0
|d 2004-08-18
|f 1
|l 0
|r 2025-10-16 00:00:00
|w 2026-02-24
|
| 952 |
|
|
|t P60, <04>, [BOOK], {604}
|a SNK
|b SNK
|y VYP
|7 0
|p 17A0439782
|o snkSC 117032 D1
|i snkKSP 11004/2004
|0 0
|1 0
|4 0
|d 2004-08-18
|l 0
|r 2005-01-02 00:00:00
|w 2026-02-24
|